000 00623nam a2200181 4500
001 145307
003 ES-MaACL
007 t|
008 070214s1985 gw r ||||1| eng d
245 0 0 _aSpanish language use and public life in the United States /
_cedited by Lucia Elías-Olivares [et. al.].
260 _aBerlin :
_bMouton,
_c1985.
300 _a238 p. ;
_c23 cm.
490 1 _aContributions to the sociology of language ;
_v35
700 1 _aElías-Olivares, Lucia.
_946977
830 0 _aContributions to the sociology of language ;
_v35
_9220752
852 _aES-MaACL
_jL-8531
_bR.108947
999 _c145307
_d145307